000 00551nam a2200193Ia 4500
005 20250507130239.0
008 008 250505s9999 xx 000 0 eng d
037 _aSeries Article
040 _aEASL
_beng
_cEASL
041 _aeng
_2eng
084 _qEASL
100 _aMoskowitz Marc L
_9270966
245 0 _aMessage in a bottle:lyrical laments and emotional expression in mandopop
260 _aUK
_bUK Cambridge Univesity Press UK
_c2008
300 _a365-379
650 _aChina
942 _cSRA
999 _c1318549
_d1318549